Gravity (Record no. 18539)

MARC details
000 -LEADER
fixed length control field 00476nam a2200169Ia 4500
003 - CONTROL NUMBER IDENTIFIER
control field IN-BaIIA
008 - FIXED-LENGTH DATA ELEMENTS--GENERAL INFORMATION
fixed length control field 211028s9999 xx 000 0 eng d
020 ## - INTERNATIONAL STANDARD BOOK NUMBER
International Standard Book Number 978-0-805-38662-2
040 ## - CATALOGING SOURCE
Transcribing agency IIA Library
080 ## - UNIVERSAL DECIMAL CLASSIFICATION NUMBER
Universal Decimal Classification number 530.12
Item number HAR
100 ## - MAIN ENTRY--PERSONAL NAME
Personal name Hartle, J. B
9 (RLIN) 35591
245 #0 - TITLE STATEMENT
Title Gravity
Remainder of title an introduction to Einstein's general relativity
Statement of responsibility, etc. J. B. Hartle
260 ## - PUBLICATION, DISTRIBUTION, ETC.
Place of publication, distribution, etc. San Francisco
Name of publisher, distributor, etc. Pearson
Date of publication, distribution, etc. 2003
300 ## - PHYSICAL DESCRIPTION
Extent xxii, 582p.
650 ## - SUBJECT ADDED ENTRY--TOPICAL TERM
Topical term or geographic name entry element General relativity
9 (RLIN) 3824
942 ## - ADDED ENTRY ELEMENTS (KOHA)
Koha item type Books
Holdings
Withdrawn status Lost status Damaged status Not for loan Home library Current library Shelving location Date acquired Source of acquisition Cost, normal purchase price Total Checkouts Total Renewals Full call number Barcode Date last seen Date last checked out Cost, replacement price Price effective from Koha item type Purchase Price
        IIA Library-Bangalore IIA Library-Bangalore General Stacks 11/03/2013 ANJ 5094.00 4 1 530.12/ HAR 19461 06/11/2024 06/11/2024 5094.00 11/03/2013 Books Rs. 5094.00

Powered by Koha